Pays les plus proches d'Israël - sprint d'une minute - Statistiques

Statistiques générales
  • Ce quiz a été pris 147 fois
  • Le résultat moyen est 12 sur 20
Statistiques - réponses
km pays % Correct
0 Syrie
93%
0 Égypte
92%
0 Jordanie
92%
0 Liban
92%
16 Arabie Saoudite
88%
291 Irak
88%
906 Iran
88%
285 Turquie
80%
228 Chypre
64%
1093 Koweït
58%
0 Palestine
53%
1047 Arménie
49%
834 Libye
48%
1057 Géorgie
45%
723 Grèce
40%
1082 Azerbaïdjan
39%
833 Soudan
38%
1188 Russie
26%
1169 Bulgarie
23%
1314 Roumanie
16%
Aucun quiz correspondant
Distribution des résultats
% des personnes avec chaque résultat
Percentile par nombre de réponses
Votre historique - résultats
Vous n’avez pas pris ce quiz